拼音以E/F开头的中国城市 Chinese cities whose pinyin begins with E/F - Statistics

General Stats
  • This quiz has been taken 157 times
    156 since last reset
  • The average score is 13 of 27
Answer Stats
七普人口 DWUA 省份 行政类别 城市 % Correct
45 72 湖北 地级市 鄂州
96%
354 449 福建 地级市 福州
95%
67 内蒙古 地级市 鄂尔多斯
93%
79 江西 地级市 抚州
88%
86 56 安徽 地级市 阜阳
88%
121 辽宁 地级市 抚顺
84%
854 广东 地级市 佛山
83%
70 58 辽宁 地级市 阜新
79%
33 广西 地级市 防城港
72%
46 湖北 县级市 恩施
53%
48 87 福建 县级市 福清
52%
4 黑龙江 县级市 抚远
47%
26 福建 县级市 福安
41%
23 福建 县级市 福鼎
37%
7 内蒙古 县级市 二连浩特
35%
23 四川 县级市 峨眉山
31%
20 广东 县级市 恩平
28%
4 内蒙古 县级市 额尔古纳
26%
17 山西 县级市 汾阳
24%
37 江西 县级市 丰城
22%
9 吉林 县级市 扶余
20%
13 黑龙江 县级市 富锦
20%
11 贵州 县级市 福泉
19%
9 新疆 县级市 阜康
19%
41 山东 县级市 肥城
16%
11 内蒙古 县级市 丰镇
16%
18 辽宁 县级市 凤城
13%
No matching quizzes found
Score Distribution
Percent of People with Each Score
Percentile by Number Answered
Your Score History
You have not taken this quiz since the last reset